01091nam a2200277 a 4500001001200000003000800012006001900020007001500039008004100054020002600095020002700121040002100148035002100169050002900190100001700219245011400236260003100350300002300381500002000404533015200424651004800576655002900624710001700653856012600670999001700796ebr10626265CaPaEBRm u cr cn|||||||||121129s2013 si a s 001 0 eng d z9780470828533 (Cloth) z9780470828557 (e-book) aCaPaEBRcCaPaEBR a(OCoLC)82372859114aJQ1539.5.A58bY68 2013eb1 aYoung, Doug.14aThe party lineh[electronic resource] :bhow the media dictates public opinion in modern China /cDoug Young. aSingapore :bWiley,c2013. axv, 256 p. :bill. aIncludes index. aElectronic reproduction.bPalo Alto, Calif. :cebrary,d2011.nAvailable via World Wide Web.nAccess may be limited to ebrary affiliated libraries. 0aHong Kong (China)xPolitics and government. 7aElectronic books.2local2 aebrary, Inc.40uhttp://site.ebrary.com/lib/rucke/Doc?id=10626265zAn electronic book accessible through the World Wide Web; click to view c50764d50764